000
00223 a2200085 4500
020
_a
9780500291283
100
_a
Andrew H. Dent and Leslie Sherr
245
_a
Material Innovation: Architecture
260
_b
Thames & Hudson
_c
2014
999
_c
13397
_d
13397